00349pab a2200121 454500008004000000100001500040245009200055260000900147300001400156362001200170650001700182773002800199180718b2005 xxu||||| |||| 00| 0 eng d aXiao, Hong aValues priority and human rights policy: a comparison between China and western nations c2005 ap.87-102. aJul-Dec aHuman rights aJournal of Human Values